| 000 | 01043nam a2200289 a 4500 | ||
|---|---|---|---|
| 001 | BRCA_362 | ||
| 005 | 20190320202957.0 | ||
| 008 | 900419s1990 hiua s001 0 eng | ||
| 020 | _a0824811496 (alk. paper) | ||
| 040 |
_aDLC _cDLC _dDLC |
||
| 041 | _aengchijpn | ||
| 050 | 4 |
_aND1040 _b.F58 1990 |
|
| 245 | 1 | 0 |
_aFlowering in the Shadows _bWomen in the History of Chinese and Japanese Painting _cedited by Marsha Weidner. |
| 260 |
_aHonolulu _bUniversity of Hawaii _c1990 |
||
| 300 |
_aXVI, 315 p. _bil. (algunas a color) _c27 cm. |
||
| 500 | _aEach essay is accompanied by a glossary that gives the characters for Chinese or Japanese names, terms, and book titles--Pref. | ||
| 500 | _aIncluye índice | ||
| 500 | _aDonación Fundación Japón | ||
| 504 | _aIncluye referencias bibliográficas | ||
| 650 | 1 | 4 |
_aPintura China _91214 |
| 650 | 1 | 4 |
_aMujeres pintoras _zChina _91215 |
| 650 | 1 | 4 |
_aPintura japonesa _91216 |
| 650 | 1 | 4 |
_aMujeres pintoras _zJapón _91217 |
| 700 | 1 |
_aWeidner, Marsha Smith _91218 |
|
| 902 | _aDFJ | ||
| 942 |
_2lcc _cB |
||
| 999 |
_c299 _d299 |
||